| Tag |
First Indicator |
Second Indicator |
Subfields |
| LEADER |
00000cam a2200000 a 4500 |
| 001 |
in00000028190 |
| 005 |
20151007060021.0 |
| 008 |
870618s1987 miuag b 10100 eng |
| 010 |
|
|
|a 87016238
|
| 020 |
|
|
|a 0835718336
|
| 020 |
|
|
|z 033342882X :
|c £29.50
|
| 035 |
|
|
|a (OCoLC)16129206
|
| 035 |
|
|
|9 AAB9883AM
|
| 040 |
|
|
|a DLC
|c DLC
|d TXA
|d UtOrBLW
|
| 049 |
|
|
|a TXAM
|c [A11090489]
|
| 050 |
0 |
0 |
|a ML410.H13
|b H257 1987
|
| 082 |
0 |
|
|a 780/.92/4
|2 19
|
| 245 |
0 |
0 |
|a Handel :
|b tercentenary collection /
|c edited by Stanley Sadie and Anthony Hicks.
|
| 264 |
|
1 |
|a Ann Arbor :
|b UMI Research Press ;
|a Basingstoke, Hampshire :
|b Macmillan,
|c [1987]
|
| 264 |
|
4 |
|c ©1987
|
| 300 |
|
|
|a xi, 308 pages :
|b illustrations, music ;
|c 25 cm.
|
| 336 |
|
|
|a text
|b txt
|2 rdacontent
|
| 337 |
|
|
|a unmediated
|b n
|2 rdamedia
|
| 338 |
|
|
|a volume
|b nc
|2 rdacarrier
|
| 490 |
1 |
|
|a Studies in musicology ;
|v no. 99
|
| 500 |
|
|
|a Based on papers presented at a conference held at the Royal Society of Arts, London in July 1985.
|
| 504 |
|
|
|a Includes bibliographies and indexes.
|
| 600 |
1 |
0 |
|a Handel, George Frideric,
|d 1685-1759
|x Congresses.
|
| 700 |
1 |
|
|a Sadie, Stanley.
|
| 700 |
1 |
|
|a Hicks, Anthony.
|
| 830 |
|
0 |
|a Studies in music (Ann Arbor, Mich.) ;
|v no. 99.
|
| 999 |
|
|
|a MARS
|
| 999 |
f |
f |
|s 04cb7aac-2c69-372c-8d4f-e2caa3bc1913
|i d1cb1d51-c7e1-36a6-83eb-b2536a55e357
|t 0
|
| 952 |
f |
f |
|p normal
|a Texas A&M University
|b College Station
|c Sterling C. Evans Library
|d Evans: Library Stacks
|t 0
|e ML410.H13 H257 1987
|h Library of Congress classification
|i unmediated -- volume
|m A14811090489
|
| 998 |
f |
f |
|a ML410.H13 H257 1987
|t 0
|l Evans: Library Stacks
|